Principles of economics (Record no. 141735)
[ view plain ]
| 000 -LEADER | |
|---|---|
| fixed length control field | 00476nam a2200205Ia 4500 |
| 003 - CONTROL NUMBER IDENTIFIER | |
| control field | OSt |
| 005 - DATE AND TIME OF LATEST TRANSACTION | |
| control field | 20230603102650.0 |
| 008 - FIXED-LENGTH DATA ELEMENTS--GENERAL INFORMATION | |
| fixed length control field | 210210b2010 xxu||||| |||| 00| 0 eng d |
| 040 ## - CATALOGING SOURCE | |
| Transcribing agency | AL |
| 041 ## - LANGUAGE CODE | |
| Language code of text/sound track or separate title | eng |
| 082 ## - DEWEY DECIMAL CLASSIFICATION NUMBER | |
| Classification number | 330 AGAP |
| 100 ## - MAIN ENTRY--PERSONAL NAME | |
| Personal name | AGARWAL (H S) |
| 9 (RLIN) | 119134 |
| 245 ## - TITLE STATEMENT | |
| Title | Principles of economics |
| 250 ## - EDITION STATEMENT | |
| Edition statement | 8 |
| 260 ## - PUBLICATION, DISTRIBUTION, ETC. | |
| Place of publication, distribution, etc. | New Delhi |
| Name of publisher, distributor, etc. | Ane Books Pvt. Ltd. |
| Date of publication, distribution, etc. | 2010 |
| 300 ## - PHYSICAL DESCRIPTION | |
| Extent | xxviii,1300 |
| 690 ## - LOCAL SUBJECT ADDED ENTRY--TOPICAL TERM (OCLC, RLIN) | |
| Topical term or geographic name as entry element | Economics |
| 9 (RLIN) | 119135 |
| 906 ## - LOCAL DATA ELEMENT F, LDF (RLIN) | |
| a | 064788 |
| 942 ## - ADDED ENTRY ELEMENTS (KOHA) | |
| Source of classification or shelving scheme | Dewey Decimal Classification |
| Koha item type | Book |
| Withdrawn status | Lost status | Source of classification or shelving scheme | Damaged status | Not for loan | Collection code | Home library | Current library | Date acquired | Source of acquisition | Cost, normal purchase price | Total Checkouts | Full call number | Barcode | Date last seen | Date last checked out | Price effective from | Koha item type | Cost, replacement price |
|---|---|---|---|---|---|---|---|---|---|---|---|---|---|---|---|---|---|---|
| Dewey Decimal Classification | Economics | St Aloysius Library | St Aloysius Library | 02/17/2021 | Athulya Books, Kannur | 450.00 | 2 | 330 AGAP | 064788 | 11/05/2022 | 11/02/2022 | 02/17/2021 | Book | |||||
| Dewey Decimal Classification | Economics | St Aloysius Library | St Aloysius Library | 06/02/2023 | 1 | 330 AGAP | D04979 | 09/01/2025 | 08/04/2025 | 06/03/2023 | Donated Books | 450.00 |